000 01107nam0a22002771 4500
001 RU\NLR\INFOCOMM16\ROSSICA\1000466216
005 20250613192954.0
035 _a(NLR Aleph) 009962584
090 _a9608470
_c9608470
100 _a20030416d1808 |||y0rusy50 ca
101 0 _aeng
102 _aRU
105 _ay ||||000ay
200 1 _aTravels through several provinces of the Russian Empire with an historical account Zaporog Cossacks and Bessarabia, Moldavia, Walochia and the Crimea
_fCampenhausen, Baron
210 _aLondon
_d1808
325 1 _aМикроформа: Russia through the eyes of foreigners. RT-42. Leiden : IDC, cop. 2001. Шифр: NLR Мф К-3/23687/42
452 0 _12001#$aRussia through the eyes of foreigners$bМикроформа$hRT-42
_1210##$aLeiden$cIDC$dcop. 2001
_tRussia through the eyes of foreigners
700 1 _aCampenhausen
_bB. von
_gBalthasar von
_4070
801 1 _aRU
_bInfoComm
_c20030416
801 0 _aRU
_bNLR
_gPSBO
801 2 _aRU
_bNLR
_c20061207
_2rusmarc
852 _aNLR
_j13.13.8.77
942 _cBOOK
980 _aNB
980 _aRossica